| 000 | 02297cam a22002414a 4500 | ||
|---|---|---|---|
| 005 | 20250605163945.0 | ||
| 008 | 250528s ||||||||||||||||||||||||d | ||
| 035 | _a15189 | ||
| 020 | _a395633400 | ||
| 040 |
_aGR-AtMCL _bgre _dGR-AtMCL _eAACR2 |
||
| 245 | 1 | _aBusiness / Fourth Edition | |
| 250 | _a4th | ||
| 260 |
_bHoughton Mifflin Company, _c1991 |
||
| 300 | _a844 | ||
| 505 | 0 | _aAmerican Business Today, Foundations of Business, Ethics and Social Responsibility, The Forms of Business Ownership, Small Business and Entrepreneurship and Francises, Management and Organization, The Management Process, Creating the Organization, Operations Management, The Human Resourcs, People and Motivation in Business, Human Resources Management, Union-Management Relations, Marketing, An Overview of Marketing, Product and Price, Wholesaling and Retailing and Physical Distribution, Promotion, Information for Business, Management Information and Computers, Accounting, Finance and Investment, Money and Banking and Credit, Financial Management, Securities Markets, Risk Management and Insurance, The Business Environment and International Issues, Business Law, Government Assistance and Regulation and Taxation, International Business, Careers in Business. | |
| 520 | _aAmerican Business Today, Foundations of Business, Ethics and Social Responsibility, The Forms of Business Ownership, Small Business and Entrepreneurship and Francises, Management and Organization, The Management Process, Creating the Organization, Operations Management, The Human Resourcs, People and Motivation in Business, Human Resources Management, Union-Management Relations, Marketing, An Overview of Marketing, Product and Price, Wholesaling and Retailing and Physical Distribution, Promotion, Information for Business, Management Information and Computers, Accounting, Finance and Investment, Money and Banking and Credit, Financial Management, Securities Markets, Risk Management and Insurance, The Business Environment and International Issues, Business Law, Government Assistance and Regulation and Taxation, International Business, Careers in Business. | ||
| 700 | 1 |
_aHughes Robert J _91066 |
|
| 700 | 1 |
_aKapoor Jack R _91067 |
|
| 700 | 1 |
_aPride William M _91068 |
|
| 942 | _cBK | ||
| 999 |
_c783 _d783 |
||